Millenarianism in Bromley-by-Bow
| Titel: | Millenarianism in Bromley-by-Bow : Quirinus Kuhlmann and the Stuarts / Anna Linton |
|---|---|
| Verfasser: | |
| In: |
German life and letters, Band 69, Heft 3 (2016), Seite 285-301 alle Artikel anzeigen |
| Veröffentlicht: | 2016 |
| Format: | Aufsatz |
| Sprache: | Englisch |
X
alg: 38159575 001A $04504:15-06-16 001B $01999:27-02-19 $t22:44:00.000 001C $04504:15-06-16 $t14:53:31.000 001D $04504:15-06-16 001U $0utf8 001X $00 002@ $0Aou 002C $aText $btxt $2rdacontent 002D $aohne Hilfsmittel zu benutzen $bn $2rdamedia 002E $aBand $bnc $2rdacarrier 003@ $0381595757 007A $0381595757 $aHEB 010@ $aeng 010E $erda 011@ $a2016 021A $aMillenarianism in Bromley-by-Bow $dQuirinus Kuhlmann and the Stuarts $hAnna Linton 028A $BVerfasser $4aut $7135684382 $8Linton, Anna$Z1975- [Tp3] $9199338388 031A $d69 $e3 $h285-301 $j2016 039B $aEnthalten in $8--Abvc--. German life and letters. - Oxford ; Malden : Wiley-Blackwell, 1936-. - ISSN 0016-8777 $x201600000690003715 $9046846751 044K $#Kuhlmann, Quirin $#Kuhlmannus, Quirinus $#Kühlmann, Quirin $#Kuhlman, Quirinus $#Cyrus$#Jesualita $#Culmannus, Quirinus $#Kuhlman, Quirin $#Kuhlmann, Quirinius $711872522X $8Kuhlmann, Quirinus$Z1651-1689 [Tp1] $9087066009 044K $7118756117 $8$PStuart$lFamilie [Tp1] $9087096803 045T $a7,20 $a25 045T $aLING $qDE-30 $2FID 045T $aGER $qDE-30 $2FID 045V $aKuhlmann, Quirinus $811.12.00$jZu einzelnen Autoren [Tkx] $9118843559 lok: 38159575 62 exp: 38159575 62 1 #EPN 201B/01 $015-06-16 $t22:05:38.000 203@/01 $0776291033 208@/01 $a15-06-16 $be 209A/01 $a/ $f000 $x00 209B/01 $a2016 $x05 247C/01 $8Frankfurt, Bibliographie der Deutschen Sprach- und Literaturwissenschaft $9113214561 201U/01 $0utf8 lok: 38159575 78 exp: 38159575 78 1 #EPN 201B/01 $027-02-19 $t14:30:40.000 201C/01 $027-02-19 201U/01 $0utf8 203@/01 $01046597248 208@/01 $a27-02-19 $be 209A/01 $a/ $f000 $x00 209A/01 $ab*p $x01 220C/01 $apgar 244Z/01 $#Schlesien $#Schlesien $#Herzogtum Schlesien $#Herzogtum Schlesien Schlesien $#Provinz Schlesien $#Śla̜sk $#Slezsko $#Silesia $74052678-1 $8--Tg1--Schlesien $x01 $9085146781 247C/01 $82080>Marburg/Lahn, Herder-Institut, Forschungsbibliothek, Bibliographieportal $9336309341
| LEADER | 00000caa a2200000 c 4500 | ||
|---|---|---|---|
| 001 | 381595757 | ||
| 003 | DE-603 | ||
| 005 | 20190227224400.0 | ||
| 007 | tu | ||
| 008 | 160615s2016 xx |||| | u00||u|eng c | ||
| 035 | |a (DE-599)HEB381595757 | ||
| 040 | |a DE-603 |b ger |c DE-603 |d DE-603 |e rda | ||
| 041 | |a eng | ||
| 084 | |a 7,20 |a 25 |2 ssgn | ||
| 084 | |a LING |q DE-30 |2 fid | ||
| 084 | |a GER |q DE-30 |2 fid | ||
| 100 | 1 | |a Linton, Anna |d 1975- |e Verfasser |4 aut |0 (DE-603)199338388 |0 (DE-588)135684382 |2 gnd | |
| 245 | 0 | 0 | |a Millenarianism in Bromley-by-Bow |b Quirinus Kuhlmann and the Stuarts |c Anna Linton |
| 264 | 0 | |c 2016 | |
| 336 | |a Text |b txt |2 rdacontent | ||
| 337 | |a ohne Hilfsmittel zu benutzen |b n |2 rdamedia | ||
| 338 | |a Band |b nc |2 rdacarrier | ||
| 600 | 1 | 7 | |a Kuhlmann, Quirinus |d 1651-1689 |0 (DE-588)11872522X |0 (DE-603)087066009 |2 gnd |
| 600 | 3 | 7 | |a Stuart |c Familie |0 (DE-588)118756117 |0 (DE-603)087096803 |2 gnd |
| 773 | 0 | 8 | |i Enthalten in |t German life and letters |d Oxford ; Malden : Wiley-Blackwell, 1936- |x 0016-8777 |g Band 69, Heft 3 (2016), Seite 285-301 |w (DE-603)046846751 |w (DE-600)3376-5 |
| 924 | 0 | |9 603 |a (DE-603)776291033 |b DE-603 |c HES |d d | |
| 924 | 0 | |9 2080 |a (DE-603)1046597248 |b DE-2080 |c HES |d d |g / | |


